000 00368nam a2200133Ia 4500
008 151001s9999||||xx |||||||||||||| ||und||
100 _aकर्तार सिंह दुग्गल
245 _aकत्ततीसिंह दुग्गल
250 _a1
260 _bसाक्षी
260 _c2008
300 _a160
365 _b21
999 _c989839
_d989836